00545nam a2200193Ia 4500003000400000005001700004008004100021020002200062040000700084041000800091082001700099100003600116245008500152260004000237300001700277365001300294650002200307650002200329OSt20230612093251.0210423s2013 xx 000 0 und d a978-81-7371-273-9 cAL aeng a547.028 AHLC aAHLUWALIA (V K);AGGARWAL (Renu) aComprehensive practical organic chemistry: preparation and quantitative analysis aNew DelhibUniversities Pressc2013 axix,312pbPB b325cINR aOrganic Chemistry aOrganic Chemistry